[Event "ESP-ch U14 rapid"]
[Site "Salobrena"]
[Date "2023.07.23"]
[Round "9"]
[White "Sanchez Vacova, Alejandro"]
[Black "Palomo Monserrat, Lorenzo"]
[Result "0-1"]
[WhiteElo "1633"]
[BlackElo "1787"]
[PlyCount "88"]
[EventDate "2023.07.22"]
[EventType "swiss (rapid)"]
[EventRounds "9"]
[EventCountry "ESP"]
[SourceTitle "EXT 2024"]
[Source "ChessBase"]
[SourceDate "2023.10.10"]
[SourceVersion "1"]
[SourceVersionDate "2023.10.10"]
[SourceQuality "1"]

1. e4 c5 2. Nf3 d6 3. d4 cxd4 4. Nxd4 Nf6 5. Nc3 Nc6 6. Bb5 Bd7 7. 0-0 e6 8. Nf3 a6 9. Be2 Be7 10. Bg5 b5 11. Bxf6 gxf6 12. a3 Qc7 13. Qd2 Rc8 14. Rfd1 Na5 15. Nd4 Nc4 16. Bxc4 Qxc4 17. Qd3 Rg8 18. g3 h5 19. h4 Qxd3 20. Rxd3 Rc5 21. Rad1 a5 22. b4 axb4 23. axb4 Rc4 24. Ndxb5 Bxb5 25. Nxb5 Rxb4 26. Nxd6+ Kf8 27. Nc8 Bc5 28. Rc3 Bd4 29. Rc7 Rxg3+ 30. Kf1 Rh3 31. Kg2 Rxh4 32. c3 Rg4+ 33. Kf3 Be5 34. cxb4 Bxc7 35. Nd6 f5 36. e5 Rxb4 37. Rd3 h4 38. Rc3 Bb6 39. Rc8+ Kg7 40. Nc4 Rb3+ 41. Kg2 h3+ 42. Kh2 Bxf2 43. Nd6 Bg3+ 44. Kg1 Rb1+ 0-1

[Event "ESP-ch U12"]
[Site "Salobrena"]
[Date "2021.07.07"]
[Round "5"]
[White "Fuentes Guinot, Alejandro"]
[Black "Sanchez Vacova, Alejandro"]
[Result "1/2-1/2"]
[WhiteElo "1592"]
[BlackElo "1309"]
[PlyCount "134"]
[EventDate "2021.07.05"]
[EventType "swiss"]
[EventRounds "9"]
[EventCountry "ESP"]
[SourceTitle "EXT 2022"]
[Source "ChessBase"]
[SourceDate "2021.10.06"]
[SourceVersion "1"]
[SourceVersionDate "2021.10.06"]
[SourceQuality "1"]

1. d4 Nf6 2. Bf4 d5 3. e3 e6 4. Nf3 c5 5. c3 Nc6 6. Nbd2 Be7 7. h3 Bd7 8. Bd3 c4 9. Be2 b5 10. Qc2 b4 11. e4 bxc3 12. bxc3 Rc8 13. 0-0 0-0 14. Ne5 Nxe5 15. Bxe5 Nxe4 16. Nxe4 dxe4 17. Qxe4 Bf6 18. Bg3 Bc6 19. Qe3 Qd5 20. Bf3 Qg5 21. Bf4 Qg6 22. Rab1 Bxf3 23. Qxf3 Qd3 24. Qe3 Qxe3 25. fxe3 Rfe8 26. Bd6 Rc6 27. Bc5 a6 28. Rb4 h6 29. Rb7 Rcc8 30. Rfb1 Rc6 31. Ra7 Rec8 32. Rbb7 Bd8 33. Rxf7 Bc7 34. Rf1 Rb8 35. Rxc7 Rxc7 36. Bd6 Rcb7 37. Bxb8 Rxb8 38. e4 Rb2 39. d5 exd5 40. exd5 Rxa2 41. Rf4 Rd2 42. Rxc4 Rxd5 43. Kf2 Rd8 44. Ra4 Rc8 45. c4 Rc6 46. Ke3 Kf8 47. Kd4 Ke7 48. Ra2 Kd6 49. Rf2 Ke6 50. c5 a5 51. Kc4 a4 52. Re2+ Kd7 53. Kb5 Rc8 54. Rd2+ Ke7 55. Ra2 Rb8+ 56. Kc4 Ra8 57. Kb5 a3 58. Kc6 Ra6+ 59. Kb7 Ra5 60. c6 Rb5+ 61. Kc7 Rb3 62. Re2+ Kf6 63. Kc8 Rb2 64. Re1 a2 65. Ra1 Ke7 66. c7 Ke8 67. Re1+ Kf7 1/2-1/2

[Event "ESP-ch U12"]
[Site "Salobrena"]
[Date "2021.07.06"]
[Round "3"]
[White "Munoz Osete, Marcos"]
[Black "Sanchez Vacova, Alejandro"]
[Result "1-0"]
[WhiteElo "1698"]
[BlackElo "1309"]
[PlyCount "103"]
[EventDate "2021.07.05"]
[EventType "swiss"]
[EventRounds "9"]
[EventCountry "ESP"]
[SourceTitle "EXT 2022"]
[Source "ChessBase"]
[SourceDate "2021.10.06"]
[SourceVersion "1"]
[SourceVersionDate "2021.10.06"]
[SourceQuality "1"]

1. d4 Nf6 2. c4 g6 3. Nc3 d5 4. cxd5 Nxd5 5. e4 Nb6 6. Bd3 Bg7 7. Be3 Bxd4 8. Bxd4 Qxd4 9. Bb5+ Qd7 10. Bxd7+ Bxd7 11. Nge2 0-0 12. 0-0 Nc6 13. Nd5 Nxd5 14. Qxd5 Be6 15. Qd2 Ne5 16. Nf4 Bg4 17. f3 Bd7 18. Qd4 f6 19. Nd5 Kf7 20. Nc3 Rfd8 21. Rfd1 Nc6 22. Qf2 Ne5 23. b3 g5 24. Rd2 Be6 25. Rad1 Rxd2 26. Rxd2 Rg8 27. h3 h5 28. g4 hxg4 29. hxg4 Rh8 30. Qg3 Rh7 31. Rh2 Rg7 32. Rh6 c6 33. Ne2 c5 34. Nc3 a6 35. Nd5 Bxd5 36. exd5 Nd3 37. Qc7 Nb4 38. Qxb7 Rg6 39. Rxg6 Kxg6 40. Qxe7 Nxd5 41. Qe4+ Kg7 42. Qxd5 Kg6 43. Qxc5 a5 44. Qxa5 Kg7 45. b4 Kg6 46. b5 Kf7 47. b6 Kg6 48. b7 Kf7 49. b8Q Ke6 50. Qf5+ Kf7 51. Qc7+ Ke8 52. Qfc8# 1-0